Desarrollo de un modelo de seguridad industrial basado en el informe 32 de la OMS, (Registro nro. 2522)

Detalles MARC
000 -LEADER
campo de control de longitud fija 01964nam a22003737a 4500
001 - NÚMERO DE CONTROL
campo de control 42835
003 - IDENTIFICADOR DE NÚMERO DE CONTROL
campo de control gtgccic
005 - FECHA Y HORA DE LA ÚLTIMA TRANSACCIÓN
campo de control 20251112103752.0
007 - CAMPO FIJO DE DESCRIPCIÓN FÍSICA--INFORMACIÓN GENERAL
campo de control de longitud fija ta
008 - DATOS DE LONGITUD FIJA--INFORMACIÓN GENERAL
campo de control de longitud fija 251111b gt ||||| |||| 00| 0 spa d
040 ## - FUENTE DE CATALOGACIÓN
Centro catalogador/agencia de origen gtgccic
Lengua de catalogación spa
Centro/agencia transcriptor gtgccic
Normas de descripción rda
084 ## - OTRO NÚMERO DE CLASIFICACIÓN
Número de control del registro de autoridad o número normalizado TPI-16-0109
100 10 - ENTRADA PRINCIPAL--NOMBRE DE PERSONA
Nombre de persona Carlos Humberto Ajú Pérez
Fechas asociadas al nombre Ingeniero Químico
Término indicativo de función/relación autor
245 10 - MENCIÓN DEL TÍTULO
Título Desarrollo de un modelo de seguridad industrial basado en el informe 32 de la OMS,
Resto del título para mejorar la calidad de los procesos analíticos en el laboratorio de Control de calidad, en una industria farmacéutica en la ciudad de Guatemala /
Mención de responsabilidad, etc. Ajú Pérez, Carlos Humberto
264 #1 - PRODUCCIÓN, PUBLICACIÓN, DISTRIBUCIÓN, FABRICACIÓN Y COPYRIGHT
Producción, publicación, distribución, fabricación y copyright Guatemala, Guatemala :
Nombre del de productor, editor, distribuidor, fabricante USAC, Facultad de Ingeniería ;
Fecha de producción, publicación, distribución, fabricación o copyright 2016.-
300 ## - DESCRIPCIÓN FÍSICA
Extensión xxxvi, 102 p. :
Otras características físicas il. ;
Dimensiones 27 cm
336 ## - TIPO DE CONTENIDO
Fuente rdacontenido
Término de tipo de contenido Texto
Código de tipo de contenido txt
337 ## - TIPO DE MEDIO
Fuente rdamedio
Nombre/término del tipo de medio sin mediación
Código del tipo de medio n
338 ## - TIPO DE SOPORTE
Fuente rdasoporte
Nombre/término del tipo de soporte volumen
Código del tipo de soporte nc
502 ## - NOTA DE TESIS
Nota de tesis Tesis Postgrado
Tipo de título MAESTRO EN GESTIÓN INDUSTRIAL
Nombre de la institución que otorga el título USAC, Facultad de Ingeniería, Escuela de Postgrado
Año de obtención del título 2016
Identificador de la tesis TPI-16-0109
504 ## - NOTA DE BIBLIOGRAFÍA, ETC.
Nota de bibliografía, etc. Nota Bibliografía pag. 97
505 ## - NOTA DE CONTENIDO CON FORMATO
Título 1. RESEÑA HISTÓRICA DE LA EMPRESA
505 ## - NOTA DE CONTENIDO CON FORMATO
Título 2. MARCO TEÓRICO
505 ## - NOTA DE CONTENIDO CON FORMATO
Título 3. HIGIENE Y SEGURIDAD INDUSTRIAL
505 ## - NOTA DE CONTENIDO CON FORMATO
Título 4. MANEJO DE SUSTANCIAS QUÍMICAS
505 ## - NOTA DE CONTENIDO CON FORMATO
Título 5. PRESENTACIÓN DE RESULTADOS
505 ## - NOTA DE CONTENIDO CON FORMATO
Título 6. DISCUSIÓN DE RESULTADOS
520 #3 - RESUMEN, ETC.
Sumario, etc. El desarrollo de un modelo de seguridad Industrial basado en el informe 32 de la Organización Mundial de la Salud (OMS) para mejorar la calidad de los procesos analíticos en una industria farmacéutica, se realizó un análisis de brechas con el fin de identificar los puntos críticos, mayores, menores e informativos del informe 32 de la OMS, relacionados con los puntos de seguridad industrial en el laboratorio de control de calidad.
650 ## - PUNTO DE ACCESO ADICIONAL DE MATERIA--TÉRMINO DE MATERIA
Término de materia o nombre geográfico como elemento de entrada NORMAS DE SEGURIDAD
650 ## - PUNTO DE ACCESO ADICIONAL DE MATERIA--TÉRMINO DE MATERIA
Término de materia o nombre geográfico como elemento de entrada CONTROL DE CALIDAD
700 ## - ENTRADA AGREGADA--NOMBRE PERSONAL
Nombre de persona MSc. Licda. Mirna Carolina Anderson Cordero
Término indicativo de función/relación asesor
942 ## - ELEMENTOS DE ENTRADA SECUNDARIOS (KOHA)
Fuente de la clasificación o esquema de estantería Clasificación Decimal Dewey
Tipo de ítem Koha TESISPOSTGRADO
945 ## - PROCESAMIENTO DE INFORMACIÓN LOCAL (OCLC)
a amlo
Existencias
Estatus retirado Estado de pérdida Fuente de la clasificación o esquema de estantería Estado de daño No para préstamo Biblioteca de origen Biblioteca actual Fecha de adquisición Número de inventario Total de préstamos Signatura topográfica completa Código de barras Visto por última vez Precio de reemplazo Tipo de ítem Koha
    Clasificación Decimal Dewey     CENTRO DE INFORMACIÓN A LA CONSTRUCCIÓN-CICON CENTRO DE INFORMACIÓN A LA CONSTRUCCIÓN-CICON 11/11/2025 P20160109   TPI-16-0109 20160109 11/11/2025 11/11/2025 TESISPOSTGRADO